| 000 | 00723nam a22001937a 4500 | ||
|---|---|---|---|
| 999 |
_c17425 _d17425 |
||
| 008 | 190212b xxu||||| |||| 00| 0 eng d | ||
| 040 |
_aKABU _cKABU |
||
| 050 |
_aBF637 _b.CK53 2017 c. 1 |
||
| 100 | _aKiarie, Jane Metumi | ||
| 245 |
_aThe influence of individual and institutional factors on counselor's intention to seek counselling supervision services in Nairobi county, Kenya _cJane Metumi Kiarie |
||
| 250 | _a1st ed. | ||
| 260 |
_aKabarak, Nakuru, Kenya _bKabarak University _c2017 |
||
| 300 | _axix, 223 leaves. | ||
| 650 |
_aCounselors _xSupervision of |
||
| 650 | _aCorporate culture | ||
| 700 |
_aKiptiony, Gladys J. _cDoctor |
||
| 700 |
_aMwenje, Margaret K. _cDoctor |
||
| 942 |
_2lcc _cTHE _hBF637 _kThe |
||